On This Day: June 24th Quiz Stats

 Plays Quiz Updated Jun 24, 2017

Support Sporcle.
Go Orange.
Score 0/7 Timer 03:00
0 Plays Today
Question Answer Wrong Answers
The first performance of this, the song that would become the national anthem of Canada, is performed at the Congrès national des Canadiens-Français.
1880
O Canada
90.1%
Long Live Canada
1.6%
Canada, Our Native Land
3.7%
Canada the Beautiful
3.7%
The Battle of Carabobo takes place. Led by this man, it is the decisive battle in the war of independence of Venezuela from Spain.
1821
Simón Bolívar
82.9%
Toussaint Louverture
2.7%
Miguel Hidalgo
10.3%
Antonio Nariño
3.8%
Lonesome George, the last known individual of Chelonoidis nigra abingdonii, a subspecies of the Galápagos ______, dies.
2012
Tortoise
82%
Fur Seal
2.7%
Land Iguana
4.9%
Penguin
5.9%
In New York, this is declared unconstitutional.
2004
Capital Punishment
66.3%
Abortion
5.5%
Firearm Restrictions
10.1%
Gay Marriage
14%
South Africa defeats New Zealand in the World Cup final of this sport. Nelson Mandela presents Francois Pienaar with the Webb-Ellis trophy in an iconic post-apartheid moment.
1995
Rugby
65.4%
Soccer
18.3%
Cricket
11.7%
Golf
1%
This Argentinian soccer player, the only player in history to win five FIFA Ballon d'Or awards, is born.
1987
Lionel Messi
60.1%
Cristiano Ronaldo
27.5%
Ronaldinho
7.3%
James Rodríguez
2.5%
The first TV western, ______ starring William Boyd, airs on NBC.
1949
Hopalong Cassidy
31.5%
Wagon Train
23%
Bonanza
23.7%
Rawhide
20.2%

You're not logged in!

Compare scores with friends on all Sporcle quizzes.
OR
Log In
Forgot?

From the Vault

Largest Countries Without Borders

by irllylubsporcle

This seems like a fancy way of saying 'Islands'.
Remove Ads.
Support Sporcle.
Get the best of Sporcle when you Go Orange. This ad-free experience offers more features, more stats, and more fun while also helping to support Sporcle. Thank you for becoming a member.

Show Comments

Extras

Top Quizzes Today


Score Distribution

Your Account Isn't Verified!

In order to create a playlist on Sporcle, you need to verify the email address you used during registration. Go to your Sporcle Settings to finish the process.

Report this User

Report this user for behavior that violates our Community Guidelines.

Details: